MARC

LEADER 00000nam0a2200000 4500
001 27700
005 20231101205818.0
010 |a 582970014X 
035 |a (RuTPU)RU\TPU\book\27953 
035 |a BOOK00028028 
090 |a 27700 
100 |a 20011209d2000 km y0rusy50 ca 
101 0 |a rus 
102 |a RU 
105 |a y eg 000zy 
200 1 |a Политология  |e словарь-справочник  |f под ред. М. А. Василика 
210 |a Москва  |c Гардарики  |d 2000 
215 |a 328 с. 
606 1 |a Политология  |2 stltpush  |3 (RuTPU)RU\TPU\subj\50495  |9 69168 
610 1 |a политика 
610 1 |a политические партии 
610 1 |a государство 
610 1 |a избирательные системы 
610 1 |a политические режимы 
610 1 |a власть 
610 1 |a политическая мысль 
610 1 |a словари 
610 1 |a справочники 
686 |a Ф011.6я2  |v LBC/SL-A  |2 rubbk 
702 1 |a Василик  |b М. А.  |4 340 
801 0 |a RU  |b 63413507  |c 20011209  |g PSBO 
801 2 |a RU  |b 63413507  |c 20210617  |g PSBO 
942 |c BK